01451nam a2200349Ia 4500001001200000003000800012006001900020007001500039008004100054010001700095020001800112020003600130040002100166035002100187050002600208082001900234100003700253245011400290260005500404300003200459504006600491533015200557650002900709651004900738651004900787651004200836651003400878655002900912710001700941856012600958999001701084ebr10408858CaPaEBRm u cr cn|||||||||970515s1998 aluab sb 001 0 eng d z 97015111  z9780817384890 z0817308865 (cloth : alk. paper) aCaPaEBRcCaPaEBR a(OCoLC)65797357014aF1436.8.G3bS3 1998eb04a327.4307282211 aSchoonover, Thomas David,d1936-10aGermany in Central Americah[electronic resource] :bcompetitive imperialism, 1821-1929 /cThomas Schoonover. aTuscaloosa :bUniversity of Alabama Press,cc1998. axiii, 317 p. :bill., maps. aIncludes bibliographical references (p. [295]-302) and index. aElectronic reproduction.bPalo Alto, Calif. :cebrary,d2010.nAvailable via World Wide Web.nAccess may be limited to ebrary affiliated libraries. 0aInternational relations. 0aCentral AmericaxForeign relationszGermany. 0aGermanyxForeign relationszCentral America. 0aCentral AmericaxEconomic conditions. 0aGermanyxEconomic conditions. 7aElectronic books.2local2 aebrary, Inc.40uhttp://site.ebrary.com/lib/rucke/Doc?id=10408858zAn electronic book accessible through the World Wide Web; click to view c79911d79911